000 00655nam a22001937a 4500
003 OSt
005 20260212053341.0
008 260212b |||||||| |||| 00| 0 eng d
020 _a971-590-394-0.
040 _aDWC-Main lib
_cOC
082 _aCirc. 262.9 C669 2001
110 _aTHE CANON LAW SOCIETY OF GREAT BRITAIN AND IRELEND
245 _aThe code of canon law : in English translation
_cTHE CANON LAW SOCIETY OF GREAT BRITAIN AND IRELEND
260 _aPasay City :
_bPaulines Publishing House,
_cc2001.
300 _axxiii, 348 pages ;
_c21 cm.
504 _aIncludes index.
650 _a1. Ecclesiastical law,
942 _2ddc
_cBK-CIRC
_kCirc.
_n0
999 _c8366
_d8366